000 00934nam a2200277 a 4500
001 BRCA_6371
005 20190320205429.0
008 940315s19uu####nyua#####b---#001-0#eng-#
041 _aeng
044 _anyu
050 4 _aN620
_b.C38 2 1900
245 1 0 _aCatalogue 32
_bEngravings & Drawings Woodcuts & Lithographs : by old and Modern Masters.
260 _aNueva York
_bWilliam H. Schab Gallery
_c[19--?]
300 _a151 p.
_bil. (algunas a color)
_c29 cm.
500 _aIncluye índice de artistas
500 _aTítulo de cubierta: Engravings & Drawings Woodcuts & Lithographs 1460-1960
500 _aVer también CEF58, CEF78 y DD38
500 _aCEF59
650 1 4 _aGrabados
_vCatálogos
_910348
650 1 4 _aDibujos
_vCatálogos
_915958
650 1 4 _aArte
_xColecciones particulares
_97906
650 1 4 _aSubastas
_97837
710 2 _aGalería William H. Schab (Nueva York)
_912965
902 _aGFM
942 _2lcc
_cB
999 _c6057
_d6057